Kniha o Liberci /

Hlavní autor: Karpaš, Roman, 1951-
Další autoři: Bílková, Libuše, 1944-, Biman, Stanislav, 1938-, Brunclík, Zdeněk, 1926-2012, Hnělička, Jan, 1992-, Karpašová, Mária, Měchýř, Jan, 1930-2018, Nevrlý, Miloslav, 1933-, Technik, Svatopluk, 1913-2010
Jazyk: Čeština
Vydáno: Liberec : Roman Karpaš RK, 2022
Vydání: Třetí doplněné a rozšířené vydání
Témata:
Fyzický popis: 784 stran : ilustrace (některé barevné), mapy, portréty, plány, faksimile, erby, genealogické tabulky ; 33 cm
Language note: Anglické a německé resumé
Knihy
Uloženo v:
LEADER 02391nam a2200577 i 4500
001 nkc20223429451
003 CZ PrNK
005 20240521150142.0
007 ta
008 220708s2022 xr abcef 001 0 cze
015 |a cnb003429451 
020 |a 978-80-87100-49-3  |q (vázáno) 
035 |a (OCoLC)1357138734 
040 |a ABA001  |b cze  |e rda 
041 0 |a cze  |b eng  |b ger 
043 |a e-xr---  |b e-xr-li  |2 czenas 
072 7 |a 94(437)  |x Dějiny Česka a Slovenska  |2 Konspekt  |9 8 
080 |a 94(437.316)  |2 MRF 
080 |a (437.316)  |2 MRF 
080 |a (048.8:082)  |2 MRF 
080 |a (084.11)  |2 MRF 
100 1 |a Karpaš, Roman,  |d 1951-  |7 jn20000728281  |4 aut 
245 1 0 |a Kniha o Liberci /  |c vedoucí autorského kolektivu Roman Karpaš, hlavní autoři: Libuše Bílková, Stanislav Biman, Zdeněk Brunclík, Jan Hnělička, Roman Karpaš, Mária Karpašová, Jan Měchýř, Miloslav Nevrlý, Svatopluk Technik 
250 |a Třetí doplněné a rozšířené vydání 
264 1 |a Liberec :  |b Roman Karpaš RK,  |c 2022 
300 |a 784 stran :  |b ilustrace (některé barevné), mapy, portréty, plány, faksimile, erby, genealogické tabulky ;  |c 33 cm 
336 |a text  |b txt  |2 rdacontent 
336 |a statický obraz  |b sti  |2 rdacontent 
337 |a bez média  |b n  |2 rdamedia 
338 |a svazek  |b nc  |2 rdacarrier 
504 |a Obsahuje bibliografii a rejstříky 
546 |a Anglické a německé resumé 
651 7 |a Liberec (Česko)  |7 ge128509  |x dějiny  |2 czenas 
651 9 |a Liberec (Czechia)  |x history  |2 eczenas 
655 7 |a kolektivní monografie  |7 fd501537  |2 czenas 
655 7 |a obrazové publikace  |7 fd132947  |2 czenas 
655 9 |a collective monographs  |2 eczenas 
655 9 |a pictorial works  |2 eczenas 
700 1 |a Bílková, Libuše,  |d 1944-  |7 ola2003199784  |4 aut 
700 1 |a Biman, Stanislav,  |d 1938-  |7 jk01012117  |4 aut 
700 1 |a Brunclík, Zdeněk,  |d 1926-2012  |7 jo2006333707  |4 aut 
700 1 |a Hnělička, Jan,  |d 1992-  |7 xx0244344  |4 aut 
700 1 |a Karpašová, Mária  |4 aut 
700 1 |a Měchýř, Jan,  |d 1930-2018  |7 jk01081064  |4 aut 
700 1 |a Nevrlý, Miloslav,  |d 1933-  |7 jk01090140  |4 aut 
700 1 |a Technik, Svatopluk,  |d 1913-2010  |7 jk01132138  |4 aut 
910 2 |a BOA001  |b 4-1490.234 
990 |a BK 
995 |a 01 
991 |b 202207  |c NOV 
996 6 |b 2610908373  |c 4-1490.234  |l MZK  |r Sklad / do 1 hodiny  |n 3  |p p.v.  |w 001892942  |u 000010  |a 1  |e BOA001  |j MZK50  |s P